| 000 | 00563nam a2200205Ia 4500 | ||
|---|---|---|---|
| 005 | 20250508161621.0 | ||
| 008 | 008 250505s9999 xx 000 0 eng d | ||
| 037 | _aTextual | ||
| 040 |
_aFEDL _beng _cFEDL |
||
| 041 |
_aeng _2eng |
||
| 084 |
_a301.2, NAG _qFEDL |
||
| 100 |
_aNagel Paul _9506154 |
||
| 245 | 0 | _aWorld cultures: Past and present | |
| 260 |
_aNew York, USA _bHarper and Row Publishers _c1964 |
||
| 300 | _a456p | ||
| 546 | _aTeacher's edition | ||
| 650 | _aSociology | ||
| 942 |
_cTEXL _h301.2, NAG |
||
| 999 |
_c1371148 _d1371148 |
||